00708nam a2200217Ia 4500001002300000003000900023008004100032040002300073041001300096100001900109240001900128245003900147250001600186260002800202300002700230490000900257501012400266520003500390700002200425700004300447895.1-SUN pu ra (8506)IT-MiSPE171229s9999||||xx |||||||||||||| ||und|| aIT-MiSPEcIT-MiSPE aITALIANO aP'u Sung-Ling  aLiao chai chih 0aI racconti fantastici di LiaobII. a2 riv. aum, aMilanobMondadoric1955 a945 p. [2 v.]c1903 cm v 2° aEdizioni San Paolo srl - Piazza Soncino, 5 - 20092 CINISELLO BALSAMO (MI) (non commercial uses only) ® Copyright 2018 aGiovanni Di Giura (note). Tav. aGiovanni Di Giura aLudovico Nicola Di Giurag(traduzione)